Sleep Token - Fall For Me (All Lyrics) - Statistics

General Stats
  • This quiz has been taken 50 times
  • The average score is 160 of 194
Answer Stats
Lyrics % Correct
I
100%
a
97%
the
97%
are
94%
In
94%
in
94%
there
94%
burning
91%
cathedrals
91%
fall
91%
for
91%
me?
91%
me
91%
of
91%
won't
91%
Won't
91%
you
91%
city
88%
turning
88%
And
84%
and
84%
ice
84%
into
84%
glass
81%
skies
81%
So
81%
so
81%
through
81%
Through
81%
fractured
78%
My
78%
my
78%
den
75%
existence,
75%
lions
75%
past
75%
that
75%
That
75%
To
75%
am
72%
echoing
72%
sutures
72%
your
72%
again
69%
eternity,
69%
futures
69%
insecurities
69%
like
69%
Oh
69%
surround
69%
why
69%
wounds
69%
yours
69%
end,
66%
From
66%
God
66%
rhythm
66%
what
66%
with
66%
With
66%
cannot
63%
feel
63%
here
63%
I'm
63%
losing
63%
pretend
63%
reality?
63%
remember
63%
think
63%
this
63%
were
63%
wish
63%
never
59%
screaming
59%
silence
59%
slowly
59%
touch
59%
all
56%
love
56%
as
53%
garden,
53%
hold
53%
shut
47%
beckoning
9%
No matching quizzes found
Score Distribution
Percent of People with Each Score
Percentile by Number Answered
Your Score History
You have not taken this quiz